|
|
|
|
| LEADER |
00000nam0a2200000 4500 |
| 001 |
84561 |
| 005 |
20240914063121.0 |
| 010 |
|
|
|a 5948511014
|
| 010 |
|
|
|a 5-93196-428-2
|
| 035 |
|
|
|a (RuTPU)RU\TPU\book\90887
|
| 090 |
|
|
|a 84561
|
| 100 |
|
|
|a 20051101d2005 km y0rusy50 ca
|
| 101 |
0 |
|
|a rus
|
| 102 |
|
|
|a RU
|
| 105 |
|
|
|a y z 000zb
|
| 200 |
1 |
|
|a Прогулки с Пушкиным
|f А.Терц
|
| 210 |
|
|
|a Москва
|c Глобулус
|c ЭНАС
|d 2005
|
| 215 |
|
|
|a 110 с.
|
| 225 |
1 |
|
|a Литературный семинар
|
| 300 |
|
|
|a настоящая фамилия автора Андрей Донатович Синявский
|
| 600 |
|
1 |
|a Пушкин
|b А. С.
|c российский поэт
|c писатель
|f 1799-1837
|g Александр Сергеевич
|7 ca
|8 rus
|2 stltpui
|3 (RuTPU)RU\TPU\pers\1026
|9 453
|
| 610 |
1 |
|
|a русская литература
|
| 610 |
1 |
|
|a литературоведение
|
| 610 |
1 |
|
|a история
|
| 610 |
1 |
|
|a 19 век
|
| 675 |
|
|
|a 8Р1(092)Пушкин А.С.
|v 3
|
| 700 |
|
1 |
|a Терц
|b А.
|g Абрам
|
| 801 |
|
1 |
|a RU
|b 63413507
|c 20051101
|g PSBO
|
| 801 |
|
2 |
|a RU
|b 63413507
|c 20060221
|g PSBO
|
| 942 |
|
|
|c BK
|
| 959 |
|
|
|a 84/20051019
|d 1
|e 54,78
|f ХФ:1
|